| 000 | 01181nam a22002417a 4500 | ||
|---|---|---|---|
| 999 |
_c22226 _d22226 |
||
| 003 | AR-CdUCM | ||
| 008 | 190425b ||||| |||| 00| 0 spa d | ||
| 040 |
_aMUNICIPALIDAD PROVINCIAL DEL CUSCO _cBIBLIOTECA MUNICIPAL DEL CUSCO |
||
| 082 | _aCultura/N°2/2000 | ||
| 245 |
_aCultura y Patrimonio : _bórgano del comité cívico de Defensa del Patrimonio Cultural del Cusco / |
||
| 260 |
_aCusco. _bPantigozo, _c2000. |
||
| 300 |
_a24 páginas. : _bilustraciones ; _c29 cm. |
||
| 440 |
_aCultura y Patrimonio. _nN°2, mayo junio 2000. _947681 |
||
| 505 | _aContenido: Comisión revisoras de proyectos arquitectónicos. -- La convertida historia del Hotel Libertador. -- Cusco ciudad museo. -- Tradición forestal de especies nativas del Cusco. -- Importancia de la conservación del Patrimonio Cultural. -- Nuevas construcciones atípicas en el centro histórico. -- Waqrapucara. | ||
| 650 |
_aSociedad cusqueña _947493 |
||
| 650 |
_aBarrios populares _947677 |
||
| 650 |
_aCentro Histórico Cusco _946767 |
||
| 700 |
_aCalvo Calvo, Rossano _944156 |
||
| 700 |
_aSaloma Gonzáles, Adolfo _947572 |
||
| 700 |
_aSolis Villafuerte, Roger _947682 |
||
| 942 |
_2ddc _cPP |
||
| 945 | _arac | ||